Kavivara Ratnākara aura unakā Uddhava-śataka. (Record no. 70942)

MARC details
000 -LEADER
fixed length control field 00710cam a22002291 4500
001 - CONTROL NUMBER
control field sa 66007121
003 - CONTROL NUMBER IDENTIFIER
control field DLC
005 - DATE AND TIME OF LATEST TRANSACTION
control field 20260227112301.0
008 - FIXED-LENGTH DATA ELEMENTS--GENERAL INFORMATION
fixed length control field 890720s1966 ii b 000 0 hino
010 ## - LIBRARY OF CONGRESS CONTROL NUMBER
LC control number sa 66007121
035 ## - SYSTEM CONTROL NUMBER
System control number (OCoLC)20042721
040 ## - CATALOGING SOURCE
Original cataloging agency DLC
Transcribing agency WaU
Modifying agency NRU
-- DLC
042 ## - AUTHENTICATION CODE
Authentication code premarc
050 00 - LIBRARY OF CONGRESS CALL NUMBER
Classification number PK2098.D32
Item number U34
100 1# - MAIN ENTRY--PERSONAL NAME
Personal name Caturvedī, Rājeśvara Prasāda,
Dates associated with a name 1919-
245 10 - TITLE STATEMENT
Title Kavivara Ratnākara aura unakā Uddhava-śataka.
Statement of responsibility, etc. Lekhaka Rājeśvaraprasāda Caturvedī.
260 ## - PUBLICATION, DISTRIBUTION, ETC.
Place of publication, distribution, etc. Dillī,
Name of publisher, distributor, etc. Rīgala Buka Ḍipo,
Date of publication, distribution, etc. 1966.
300 ## - PHYSICAL DESCRIPTION
Extent 6, 300 p.
Dimensions 19 cm.
500 ## - GENERAL NOTE
General note In Hindi.
504 ## - BIBLIOGRAPHY, ETC. NOTE
Bibliography, etc. note Bibliographical footnotes.
600 10 - SUBJECT ADDED ENTRY--PERSONAL NAME
Personal name Das, Jagannath,
Dates associated with a name 1866-1932.
Title of a work Uddhavaśataka.

No items available.

Powered by Koha